2025-2026 English Football League One Team Logos - Statistics

General Stats
  • This quiz has been taken 448 times
    219 since last reset
  • The average score is 19 of 24
Answer Stats
Picture Answer % Correct
Bolton Wanderers
95%
Cardiff City
94%
Luton Town
94%
Reading
93%
Wigan Athletic
90%
AFC Wimbledon
88%
Plymouth Argyle
88%
Wycombe Wanderers
84%
Barnsley
81%
Huddersfield Town
80%
Blackpool
78%
Leyton Orient
78%
Exeter City
74%
Lincoln City
74%
Rotherham United
73%
Doncaster Rovers
72%
Bradford City
71%
Port Vale
71%
Burton Albion
70%
Mansfield Town
70%
Northampton Town
69%
Stevenage
69%
Peterborough United
65%
Stockport County
52%
No matching quizzes found
Score Distribution
Percent of People with Each Score
Percentile by Number Answered
Your Score History
You have not taken this quiz since the last reset